[Event "Corus"]
[Site "Wijk aan Zee"]
[Date "2005.01.17"]
[Round "3"]
[White "Polgar, Judit"]
[Black "Kramnik, Vladimir"]
[Result "1/2-1/2"]
[WhiteElo "2728"]
[BlackElo "2754"]
[Annotator "Rogozenco,D"]
[PlyCount "118"]
[EventDate "2005.01.15"]
[EventType "tourn"]
[EventRounds "13"]
[EventCountry "NED"]
[EventCategory "19"]
[SourceTitle "CBM 105"]
[Source "ChessBase"]
[SourceDate "2005.04.11"]
[SourceVersion "1"]
[SourceVersionDate "2005.04.11"]
[SourceQuality "1"]

1. e4 c5 2. Nf3 Nc6 3. d4 cxd4 4. Nxd4 Nf6 5. Nc3 e5 6. Ndb5 d6 7. Bg5 a6 8.
Na3 b5 9. Nd5 Be7 10. Bxf6 Bxf6 11. c3 Bg5 12. Nc2 O-O 13. a4 bxa4 14. Rxa4 a5
15. Bc4 Rb8 16. b3 Kh8 17. Qe2 $5 {(V.Iordachescu)} (17. h4 Bh6 18. Qe2 Be6 $11
) 17... f5 (17... g6 18. h4 $5 Bxh4 19. g3 $44) (17... Bd7 18. Ra1 Ne7 19. Nxe7
Bxe7 20. O-O Be6 21. Na3 Bxc4 22. bxc4 $1 f5 23. exf5 Rxf5 24. Rfd1 Rc8 25. Rd5
Rf6 26. Nc2 $16 {1-0 Ivanchuk,V-Leko,P/Monaco 2004 (40)}) 18. h4 {This was the
idea behind delaying castle short with 17.Qe2. The bishop is chased from the
diagonal c1-h6.} Bf6 (18... Be7 19. exf5 Bxf5 20. Nce3 Be6 21. Qc2 Qd7 22. Qe4
$14 {/= Iordachescu,V-Malakhatko,V/Ohrid 2001 (59)}) (18... Bh6 19. exf5 Bxf5
20. g4 Bxc2 21. Qxc2 Bf4 22. Qe4 $16 {[%cal Gc4d3]}) 19. exf5 Bxf5 20. Nce3 Bd7
(20... Be6 {0-1 Arzumanian,G-Kuznetsov,V/Pardubice 2004 (36)} 21. Qc2 $1 $14 {
/=}) 21. Bd3 (21. Qc2 e4 $5 (21... Ne7 22. Ra2 Bc6 23. Qe4 Nxd5 24. Nxd5 Bxd5
25. Bxd5 Qc7 26. Bc4 Bd8 27. g3 {1/2-1/2 Nisipeanu,L-Volzhin,A/Dubai 2002}) 22.
Qxe4 Ne5 (22... Re8 $5 {Nisipeanu; Stoica}) 23. Ra1 (23. Ra3 {1/2-1/2 Ivanchuk,
V-Shirov,A/Izmir 2004 (66)} Re8 $44) 23... Re8 24. Nxf6 Qxf6 25. Qd4 Bc6 26.
Bd5 Rb4 27. Qd2 Bxd5 28. Qxd5 Rxb3 (28... Nf3+ $2 29. Ke2 Qxc3 30. Kxf3 $18 {
1/2-1/2 Charbonneau,P-Radjabov,T/Mallorca 2004 (70)}) 29. O-O (29. Qxb3 $2 Nd3+
$19) 29... Rxc3 $11) (21. Ra2 e4 $132) 21... Ne7 22. Nxe7 (22. Ra3 Qe8 (22...
Be6 $5) 23. Be4 Nxd5 24. Nxd5 Bd8 25. g3 {1/2-1/2 Arzumanian,G-Oleksienko,M/
Alushta 2004}) 22... Qxe7 23. Nd5 (23. Rxa5 $4 e4 $18 {[%cal Gf6c3]}) 23... Qf7
24. Rxa5 (24. Qe4 g6 25. h5 Bg5 $1 $132 {[%csl Rf2]}) 24... Bd8 25. Ra7 Qxd5
26. Rxd7 Rxb3 27. Qg4 $11 Bf6 28. Qf5 Qg8 29. O-O Rxc3 30. Rxd6 (30. h5 $6 Bh4)
30... Bxh4 31. Qxe5 Bxf2+ $5 32. Rxf2 Rc1+ 33. Kh2 (33. Bf1 Rxf2 34. Kxf2 Qf8+
35. Kg3 Rxf1 $15) 33... Rxf2 34. Rh6 Rcf1 35. Rxh7+ Qxh7+ 36. Bxh7 Kxh7 {
Black cannot make progress because of the exposed position of his king.} 37.
Qh5+ Kg8 38. Qe8+ Rf8 39. Qe6+ R1f7 40. Kg3 Rd8 41. Kg4 Kf8 42. Kg5 Rf6 43. Qb3
Rdd6 44. Qb8+ Kf7 45. Qb3+ Rde6 46. g4 Kg8 47. Kh4 Kh7 48. Qd3+ Rg6 49. Qf5
Ref6 50. Qe4 Rc6 51. Kg3 Rc3+ 52. Kh4 Rc5 53. Kg3 Rh5 54. Qb1 Ra5 55. Qe4 Ra1
56. Qf5 Rg1+ 57. Kf2 Rh1 58. Kg3 Rg1+ 59. Kf2 R1xg4 1/2-1/2

[Event "Corus"]
[Site "Wijk aan Zee"]
[Date "2005.01.22"]
[Round "7"]
[White "Ponomariov, Ruslan"]
[Black "Kramnik, Vladimir"]
[Result "1/2-1/2"]
[WhiteElo "2700"]
[BlackElo "2754"]
[Annotator "Rogozenco,D"]
[PlyCount "90"]
[EventDate "2005.01.15"]
[EventType "tourn"]
[EventRounds "13"]
[EventCountry "NED"]
[EventCategory "19"]
[SourceTitle "CBM 105"]
[Source "ChessBase"]
[SourceDate "2005.04.11"]
[SourceVersion "1"]
[SourceVersionDate "2005.04.11"]
[SourceQuality "1"]

1. e4 c5 2. Nf3 Nc6 3. d4 cxd4 4. Nxd4 Nf6 5. Nc3 e5 6. Ndb5 d6 7. Bg5 a6 8.
Na3 b5 9. Nd5 Be7 10. Bxf6 Bxf6 11. c3 Bg5 12. Nc2 O-O 13. a4 bxa4 14. Rxa4 a5
15. Bc4 Rb8 16. Ra2 (16. b3) 16... Kh8 17. Nce3 {This move has been always
concidered harmless, but in this impressive game Ponomariov shows that White
has plenty of hidden ideas.} (17. O-O f5 18. exf5 Bxf5 $11) (17. h4 Bh6 18.
Nce3 Bxe3 19. Nxe3 Ne7 $11 20. b3 f5 21. exf5 Nxf5 22. Nxf5 Bxf5 23. O-O Be4
24. Bd5 Bxd5 25. Qxd5 Qxh4 26. Rxa5 Qf6 27. Ra6 e4 28. Rxd6 Qxc3 29. Qxe4 Qxb3
{1/2-1/2 Asrian,K-Khalifman,A/Bled 2002}) 17... g6 ({In order to avoid the
game continuation Black can play} 17... Bxe3 18. Nxe3 Ne7 19. O-O f5 $14 {/=})
18. h4 $1 {White takes full advantage of the rook on h1.} (18. O-O f5 $11)
18... Bxh4 (18... Bh6 $6 19. h5 $16) (18... Bxe3 $6 19. Nxe3 $16) 19. g3 Bf6 ({
Better is} 19... Bg5 {with complicated position:} 20. f4 (20. b3 {[#]} Bxe3 21.
Nxe3 Be6 (21... f5)) (20. b4 $5) 20... exf4 21. gxf4 Bh4+ 22. Kf1 f5 $13 23. b3
(23. b4 fxe4 24. Rah2 g5 25. b5 Ne5 26. Qd4 Rb7 $13 {0-1 Holmsten,A-Filippov,V/
Polanica Zdroj 1999 (36)}) 23... fxe4 24. Rah2 g5 25. Ng2 Rb7 26. Nxh4 gxh4 27.
Rxh4 Rg7 (27... Qe8 28. Bb5 Bf5 29. Bxc6 Qxc6 30. Qd4+ Rg7 31. Ne7 Qb5+ 32. Ke1
e3 33. Rh5 $18 {1-0 Maus,S-Birnboim,N/Tel Aviv 1987 (54)}) 28. Qh5 Bf5 29. Qh6
e3 $13 {1/2-1/2 Stangl,M-Kindermann,S/Altensteig 1987 (53)}) 20. b3 $1 Bg7 21.
f4 {[%cal Ga2h2]} exf4 22. gxf4 Re8 (22... Ne7 $2 23. Rah2 h6 $2 24. Rxh6+ Bxh6
25. Qd4+ f6 26. Nxf6 Nc6 27. Rxh6+ {1-0 Saheli,N-Raghavi,N/Bikaner 2004}) (
22... f5 23. Rah2 h6 24. Qf3 fxe4 25. Qg2 $18) 23. Qf3 (23. Rah2 $5 h6 (23...
h5 $2 24. Rxh5+ gxh5 25. Qxh5+ Kg8 26. Qh7+ Kf8 27. Rg1 $18) (23... Rxe4 24.
Rxh7+ Kg8 25. Qc2 $18) 24. Qf3 Kg8 25. Qg2 $40) 23... Kg8 (23... h6 24. Rah2
Ne7 $2 25. Rxh6+ Bxh6 26. Rxh6+ Kg7 27. Qh1 $1 Rh8 28. Rxh8 Qxh8 29. Qxh8+ Kxh8
30. Nxe7 $18 {1-0 Maki,V-Holmsten,A/Vammala 1999/EXT 2000 (58)}) 24. Rah2 h5
25. Rxh5 $5 ({After the simple} 25. Qg2 $1 {planning f4-f5 White has a strong
attack.}) 25... gxh5 26. Qxh5 Re6 {The analysis below shows that this
complicated poition is equal. Most likely it must end with perpetual check.}
27. Qh7+ (27. Rg1 Kf8 28. Rxg7 $1 Kxg7 29. Nf5+ Kg8 30. Nh6+ Kg7 (30... Rxh6 $2
31. Qxh6 $18) 31. Nf5+ $11 {(Kramnik)}) (27. Nf5 Rxe4+ 28. Kd1 Bxf5 29. Qxf5
Re6 30. Qh7+ Kf8 31. Rg1 Rg6 32. Rxg6 fxg6 33. Nc7 Qxc7 34. Qg8+ Ke7 35. Qxg7+
Kd8 36. Qg8+ Ke7 37. Qf7+ $11 {(Shipov)}) 27... Kf8 28. Rg1 (28. Kf2 Rg6 29.
Nf5 Ne5 $1 (29... Rb7 $2 30. Nxg7 Rxg7 31. Qh8+ Rg8 32. Qh6+ Ke8 33. Nf6+ Ke7
34. Nxg8+ Qxg8 35. Rg1 Qd8 36. Rg7 $18) 30. fxe5 Qg5 31. Nf6 Qd2+ 32. Kf1 Qf4+
33. Ke1 Qc1+ 34. Kf2 Qc2+ 35. Kf1 {is also a draw}) 28... Rg6 29. Rxg6 fxg6 30.
f5 (30. Nc7 d5 $1 (30... Ne7 31. Ned5 $1 Nxd5 32. Bxd5 Qxc7 33. Qg8+ Ke7 34.
Qxg7+ Kd8 35. Qg8+ $11) 31. Nexd5 Ne7 32. e5 $1 ({Black wins after} 32. f5 $2
gxf5 33. Nxe7 Bxc3+ $1 34. Ke2 Qd2+ $19) 32... Bg4 33. f5 $1 Bxf5 34. Nxe7 Qxc7
35. Qg8+ Kxe7 36. Qxg7+ Kd8 37. Qg8+ Kd7 38. Qd5+ {and again Black cannot
avoid the draw:} Kc8 39. Ba6+ Rb7 40. Qg8+ Kd7 41. Qd5+ Ke7 42. Qxb7 Qxb7 43.
Bxb7 Ke6 $11) 30... Qg5 (30... Rb7 31. Ne7 Kxe7 (31... Nxe7 32. f6 Nd5 $1 33.
fxg7+ Rxg7 34. Qh8+ Rg8 35. Qh6+ Ke8 36. Bxd5 Rf8 37. Qxg6+ Kd7 $11) 32. Qxg7+
Ke8 33. Qxg6+ Kd7 34. Qg7+ Ke8 $11) 31. Nf4 $8 $11 Ne7 (31... Qxf4 $4 32. Qg8+
Ke7 33. Nd5+) (31... Bxc3+ 32. Ke2 Nd4+ $2 (32... Ke8 33. Qg8+ Kd7 34. Qe6+ Kc7
35. Nfd5+ Kb7) 33. Kd3 $18) 32. Nxg6+ Ke8 (32... Nxg6 $2 33. Qg8+ Ke7 34. Nd5+
$18) 33. Nd5 Qg1+ 34. Kd2 Qg5+ 35. Ke1 Bf6 36. Ngxe7 Bxe7 (36... Qh4+ 37. Kf1
Bxe7 (37... Qxh7 38. Nxf6+ $1 Kxe7 39. Nxh7 $16) 38. Qg6+ Kd8 39. Qg8+ Kd7 40.
Qe6+ Kd8 41. Qg8+ $11) 37. Qh8+ Kd7 (37... Bf8 38. Nf6+ Ke7 39. Nd5+ Ke8 40.
Nf6+ $11) 38. f6 Qg3+ (38... Bd8 $2 39. Bb5+ $1 (39. Qg7+ Qxg7 40. fxg7 Bb7 41.
Ke2 Bg5 42. Kf3 $11) 39... Rxb5 40. Qg7+ Qxg7 41. fxg7 $18 {(Ponomariov)}) 39.
Ke2 Qg2+ 40. Ke3 Qg3+ 41. Ke2 Qg4+ 42. Kf2 {In spite of players combativity
the draw is inevitable.} Bd8 43. Bf1 (43. Be2 Qxe4 44. Bf3 Qg6 {is a draw as
well.}) 43... Kc6 44. Qxd8 Qh4+ 45. Kg1 ({White loses after} 45. Ke3 $2 Qe1+
46. Be2 Qxe2+ $1 {This wins, everything else loses.} 47. Kxe2 Bg4+) 45... Qg3+
1/2-1/2

[Event "Corus"]
[Site "Wijk aan Zee"]
[Date "2005.01.25"]
[Round "9"]
[White "Kramnik, Vladimir"]
[Black "Van Wely, Loek"]
[Result "1/2-1/2"]
[WhiteElo "2754"]
[BlackElo "2679"]
[Annotator "Rogozenco,D"]
[PlyCount "94"]
[EventDate "2005.01.15"]
[EventType "tourn"]
[EventRounds "13"]
[EventCountry "NED"]
[EventCategory "19"]
[SourceTitle "CBM 105"]
[Source "ChessBase"]
[SourceDate "2005.04.11"]
[SourceVersion "1"]
[SourceVersionDate "2005.04.11"]
[SourceQuality "1"]

1. e4 c5 2. Nf3 Nc6 3. d4 cxd4 4. Nxd4 Nf6 5. Nc3 e5 6. Ndb5 d6 7. Bg5 a6 8.
Na3 b5 9. Bxf6 gxf6 10. Nd5 f5 11. Bd3 Be6 12. c3 Bg7 13. Qh5 O-O 14. O-O fxe4
$5 (14... f4 $13) 15. Bxe4 f5 16. Nf4 exf4 17. Bxc6 Rc8 18. Qe2 (18. Qf3 b4 $5)
(18. Bb7 Rb8 $1) 18... Be5 (18... Qf6 19. Bb7 Rce8 20. Qf3 (20. Qd3 $5) 20...
b4 21. cxb4 Qxb2 22. Rab1 Qxa2 $13 {0-1 Ramaswamy,A-Haznedaroglu,K/Abu Dhabi
2004 (30)}) 19. Qf3 (19. Bb7 Rc5 $5) 19... b4 $1 $146 {A recommendation from
CBM 103. It simplifies and opens up even more the position, which should be
enough to hold the balance.} ({Previously Black failed to solve the problems
after} 19... Kh8 20. Nc2 {For instance:} Qh4 (20... Rc7 21. Rfd1 Rg7 22. Bd5
Bxd5 23. Rxd5 Rfg8 24. Ne1 Qc7 25. Rd3 Qc4 26. a3 a5 27. Rad1 Qe4 28. Kf1 Qc4
29. Qd5 Qe4 30. R1d2 Qc4 31. Qxc4 bxc4 32. Rd5 $16 {1-0 Balinov,I-Bhend,E/
Zuerich 2003 (48)}) (20... Rg8) 21. Nd4 Bf7 22. Bd5 b4 23. Rac1 bxc3 24. bxc3
Bh5 25. Qd3 Rc5 26. Bf3 Bf7 27. Rfd1 Bc4 28. Qb1 Qg5 29. a4 Rc7 30. Rc2 Rg7 31.
Rb2 Rfg8 32. Kh1 Rg6 33. Rb8 Qh4 34. Rxg8+ Bxg8 35. Kg1 Rh6 36. h3 $16 {
1-0 Hort,V-Muse,M/Bad Neuenahr 1987 (47)}) 20. cxb4 (20. Nc2 bxc3 21. bxc3 Qb6
22. Nd4 Bxd4 23. Bd5 Rfe8 24. Bxe6+ Rxe6 25. Qd5 Bxf2+ $1 26. Rxf2 Qe3 $11)
20... Bxb2 21. Bd5 (21. Rad1 Bxa3 22. Bd5 Bxd5 23. Rxd5 Bxb4 24. Qb3 Qe7 25.
Qxb4 f3 $11) 21... Qf6 (21... Bxd5 22. Qxd5+ Kh8 23. Rad1 Bxa3 24. Qb3 f3 $14 {
/=}) 22. Rad1 Rc3 23. Rd3 Bxd5 (23... Rfc8 24. Nb1 Rc1 25. Rdd1 $5) 24. Qxd5+
Qf7 25. Qf3 Rfc8 26. Nb1 Rc1 27. Nd2 {White solved the problem of his knight
only partially, since it still will be very passive on f1.} (27. Rdd1 Qxa2)
27... Rxf1+ (27... Be5 $5 28. Ra3 R1c2 29. Qd3 $14 {[%cal Gd2f3]}) 28. Nxf1 Be5
(28... Qxa2 29. Rd2 $5 $36) 29. Ra3 (29. a3 Qc4 {[%cal Gc4e4]} ({Black does
not have compensation after} 29... Rc1 30. Qa8+ Kg7 31. Qxa6) 30. Rd1 Qc3 31.
Qh5 Rf8 $1 $11) 29... Qc4 {Black's activity compensates the inferior pawn
structure. That is enough for Black to keep the balance.} 30. Qh5 Qf7 (30...
Qxb4 31. Qxf5 Qxa3 32. Qxc8+ Kg7 33. Qe6 Qd3 $14 {/=}) 31. Qf3 Qc4 32. Qb7 Rc7
33. Qa8+ Rc8 34. Qxa6 Qxa6 35. Rxa6 Rc2 $11 36. Ra3 (36. g3 Bd4 37. Rxd6 Bxf2+
38. Kh1 fxg3 39. hxg3 Rxa2 40. Rd5 Rb2 41. Rxf5 Kg7 42. b5 Kg6 43. Rd5 h5 $11)
36... Rb2 37. Rb3 Rxa2 38. g3 fxg3 39. hxg3 Bd4 40. Ne3 Kf7 (40... Bxe3 41.
fxe3 Ra6 42. Kf2 Kf7 43. b5 Rb6 44. Kf3 d5 45. Kf4 Ke6 46. Rb1 Kf6 $11) 41. b5
Bb6 42. Kf1 Ke6 43. Nc4 Bxf2 44. b6 d5 45. b7 Ba7 46. Rb6+ Kd7 47. Rd6+ Kc7
1/2-1/2

[Event "Amber-blindfold 14th"]
[Site "Monte Carlo"]
[Date "2005.03.20"]
[Round "2"]
[White "Shirov, Alexei"]
[Black "Kramnik, Vladimir"]
[Result "0-1"]
[WhiteElo "2713"]
[BlackElo "2754"]
[Annotator "CB"]
[PlyCount "78"]
[EventDate "2005.03.19"]
[EventType "tourn (rapid)"]
[EventRounds "11"]
[EventCountry "MNC"]
[EventCategory "20"]
[SourceTitle "CBM 105 Extra"]
[Source "ChessBase"]
[SourceDate "2005.05.01"]
[SourceVersion "1"]
[SourceVersionDate "2005.05.01"]
[SourceQuality "1"]

1. e4 e5 2. Nc3 Nf6 3. g3 d5 4. exd5 Nxd5 5. Bg2 Nxc3 6. bxc3 Nc6 7. Ne2 Be6 8.
O-O Bd5 9. d3 Bxg2 10. Kxg2 Qd5+ 11. f3 O-O-O 12. c4 Qe6 13. Be3 Bb4 14. Rb1 f5
15. Rb3 b6 16. c5 Bxc5 17. Bxc5 bxc5 18. Rb5 c4 19. Rc5 Nb4 20. Qd2 cxd3 21.
Qxb4 dxe2 22. Rb1 $2 (22. Re1 e4 23. Rxe2 {offered more resistance.}) 22... Qb6
23. Rb5 Rd1 24. Rxb6 axb6 25. Kf2 e1=B+ 26. Qxe1 Rxe1 27. Rxe1 Re8 28. g4 fxg4
29. fxg4 Kd7 30. Re3 Rf8+ 31. Ke2 Rf4 32. h3 Kd6 33. Rd3+ Rd4 34. Rf3 Re4+ 35.
Kd2 Rf4 36. Re3 b5 37. Ke2 Kd5 38. Rb3 c6 39. a3 e4 0-1

[Event "Amber-blindfold 14th"]
[Site "Monte Carlo"]
[Date "2005.03.21"]
[Round "3"]
[White "Kramnik, Vladimir"]
[Black "Topalov, Veselin"]
[Result "1-0"]
[WhiteElo "2754"]
[BlackElo "2757"]
[Annotator "CB"]
[PlyCount "101"]
[EventDate "2005.03.19"]
[EventType "tourn (rapid)"]
[EventRounds "11"]
[EventCountry "MNC"]
[EventCategory "20"]
[SourceTitle "CBM 105 Extra"]
[Source "ChessBase"]
[SourceDate "2005.05.01"]
[SourceVersion "1"]
[SourceVersionDate "2005.05.01"]
[SourceQuality "1"]

1. e4 e5 2. Nf3 Nc6 3. Bb5 a6 4. Ba4 Nf6 5. O-O Be7 6. Re1 b5 7. Bb3 O-O 8. h3
Bb7 9. d3 d6 10. a3 Nb8 11. Nbd2 Nbd7 12. Nf1 Re8 13. Ne3 Nc5 14. Ba2 h6 15.
Nh2 Bc8 16. b4 Ne6 17. Nf5 Bf8 18. Ng4 c6 19. Bd2 Kh7 20. Qf3 Nxg4 21. hxg4 Qf6
22. Qh3 Nf4 23. Qh2 g6 24. Ne3 Be6 25. Bb1 d5 26. g3 dxe4 27. dxe4 Rad8 28. Bc3
Qg5 29. f3 Bd6 30. Kh1 c5 31. gxf4 exf4 32. Nf5 Bf8 33. Rg1 Rc8 34. Bd2 Qf6 35.
c3 gxf5 36. gxf5 Bc4 37. Bxf4 Qxc3 38. Qg3 (38. Qh5 $1 Qxa1 (38... Be2 39. Bd3
$1) 39. f6 {with the threat Qg4 and Qg8# wins immediately}) 38... Qg7 (38...
Bd6 {should be considered}) 39. Qxg7+ (39. Qh4 Qxa1 (39... Qc3 40. Qh5 $1) 40.
f6 {once again with the deadly threat Qg4 and Qg8#, winning}) 39... Bxg7 40. f6
Bf8 41. e5+ Kh8 42. Bf5 Be6 43. Bxe6 Rxe6 $2 44. Rg4 $2 (44. Ra2 {and there is
no good defence against Ra2 with mate to follow}) 44... cxb4 45. axb4 Rc4 46.
Rd1 Re8 47. Rd7 h5 (47... Rxb4 48. Rxf7 h5 49. Rg6 Rxf4 50. e6 Rxf3 51. e7 {
also wins}) 48. Rg5 Rxf4 49. Rxh5+ Kg8 50. Rd1 Rg4 51. fxg4 1-0

[Event "Amber-blindfold 14th"]
[Site "Monte Carlo"]
[Date "2005.03.22"]
[Round "4"]
[White "Anand, Viswanathan"]
[Black "Kramnik, Vladimir"]
[Result "1-0"]
[WhiteElo "2786"]
[BlackElo "2754"]
[Annotator "CB"]
[PlyCount "103"]
[EventDate "2005.03.19"]
[EventType "tourn (rapid)"]
[EventRounds "11"]
[EventCountry "MNC"]
[EventCategory "20"]
[SourceTitle "CBM 105 Extra"]
[Source "ChessBase"]
[SourceDate "2005.05.01"]
[SourceVersion "1"]
[SourceVersionDate "2005.05.01"]
[SourceQuality "1"]

1. e4 e5 2. Nf3 Nf6 3. Nxe5 d6 4. Nf3 Nxe4 5. Nc3 Nxc3 6. dxc3 Be7 7. Be3 Nc6
8. Qd2 O-O 9. O-O-O Ne5 10. Kb1 a6 11. Be2 Be6 12. Nd4 Nc4 $2 13. Qd3 {
threatening Nxe6} Nxe3 14. Nxe6 fxe6 15. Qxe3 e5 16. Bd3 c6 17. h4 Rf6 18. g3
d5 19. Qxe5 Rxf2 20. Rhf1 Rf6 21. Qh5 g6 22. Qe2 Qd6 23. h5 Raf8 24. hxg6 hxg6
25. Rh1 {Now Black is losing} Kf7 26. c4 Ke8 27. cxd5 c5 28. g4 Kd8 29. g5 Rf4
30. Rh6 Bxg5 31. Rxg6 Bf6 32. Rh6 Qe5 33. c3 Qxe2 34. Bxe2 Rf2 35. Bg4 b5 36.
d6 Rg8 37. Bh3 b4 38. Rh7 bxc3 39. bxc3 Rg3 40. Re1 Be5 (40... Bg7 41. d7 Rf8 {
would have put up a little more resistance}) 41. Rd7+ Kc8 42. Rf7+ Rxh3 43.
Rxf2 Bxd6 44. Kc2 Kd7 45. Ree2 Kc6 46. Rf6 Kc7 47. Ree6 Rh2+ 48. Kd3 Rh3+ 49.
Kc4 Rh4+ 50. Kb3 c4+ 51. Ka4 Rh2 52. Rxd6 1-0

[Event "Sofia MTel Masters 1st"]
[Site "Sofia"]
[Date "2005.05.16"]
[Round "5"]
[White "Kramnik, Vladimir"]
[Black "Polgar, Judit"]
[Result "1-0"]
[WhiteElo "2753"]
[BlackElo "2732"]
[Annotator "Tyomkin,D"]
[PlyCount "123"]
[EventDate "2005.05.12"]
[EventType "tourn"]
[EventRounds "10"]
[EventCountry "BUL"]
[EventCategory "20"]
[SourceTitle "CBM 107"]
[Source "ChessBase"]
[SourceDate "2005.08.01"]
[SourceVersion "1"]
[SourceVersionDate "2005.08.01"]
[SourceQuality "1"]

1. d4 Nf6 2. c4 e6 3. Nc3 Bb4 4. Qc2 O-O 5. a3 Bxc3+ 6. Qxc3 b6 7. Nf3 Bb7 8.
e3 d6 9. Be2 Nbd7 10. O-O Ne4 11. Qc2 f5 12. b4 Rf6 {Larsen and later Smyslov
made this line popular for Black;} 13. d5 Rg6 14. Nd4 $1 {The only way for
White to fight for the opening advantage. White allows Black to get his queen
to g5, while White manages to repulse Black's attack there. Kramnik was
definitely familiar with this line, not sure about Judit..} Qg5 {That's a
novelty, and definitely an improvement of Matveeva-Maric game where Black got
in trouble very soon.} (14... exd5 15. f3 Qg5 16. Bd3 dxc4 17. Bxc4+ d5 18. Bb5
c6 19. fxe4 $16 cxb5 20. exf5 Rc8 21. Qf2 Rf6 22. Bb2 Rf7 23. Ne6 Qg4 24. h3
Qh5 25. Bd4 g6 $2 26. Qg3 Rc2 27. Nd8 {1-0 Matveeva,S-Maric,A/Budva 2003/CBM
096 ext}) 15. g3 exd5 {15...Nf8 is the way to keep tension in the centre,
although this doesn't bring black an equal play.} (15... Nf8 16. Bb2 $14) 16.
cxd5 Bxd5 17. Bc4 {Exchanging Black's bishop, White gets access to Black's
queenside.} Bxc4 18. Qxc4+ Kh8 19. Qc6 $1 {Important accuracy- Black's rook is
worse on d8 than on a8;} (19. Qxc7 Ne5 {same as in the game, but Black's queen
doesn't need to guard the rook;}) 19... Rd8 20. Qxc7 Ne5 {Black pawns are
targets, but he still has some hopes on the kingside;} 21. Ra2 $1 {Bringing
the rook to a defense- white intends f4 now. Immediate f4 would lead to a draw
only.} (21. f4 Qxg3+ $1 22. hxg3 Rxg3+ 23. Kh1 (23. Kh2 Ng4+) 23... Rh3+ 24.
Kg1 $11) 21... Rf8 (21... Ng4 22. Nf3 $16) (21... Nd3 22. Qxa7 Nxc1 23. Rxc1 f4
24. exf4 Qxf4 25. Qc7 Rg8 26. Rd1 {and again Black fails to create any serious
threats against the white king;}) 22. f4 {This move freezes Black's attack, as
well as Ra2 joins the defense;} Qg4 23. Qe7 (23. fxe5 $2 Nxg3 24. Rg2 Ne2+)
23... Rg8 24. Rg2 Nd3 (24... Nc4 25. Qxa7 {The same idea as in the game -
Black doesn't have anything on the kingside, so white can safely grab pawns;} (
25. Qf7 d5 26. Qxf5 Qxf5 27. Nxf5 $16)) 25. Qxa7 {White is safe on the
kingside, so Vlad simply picks Black pawns;} h5 (25... Qh3 26. Qa6 (26. Qxb6 $4
Nxg3 {and Black even wins here!} 27. Rxg3 (27. hxg3 Rh6) 27... Rxg3+ 28. hxg3
Qxg3+ 29. Kh1 Qh3+ 30. Kg1 g5 $19) (26. Qb7 $5 {the move which wasn't
mentioned by any other commentators of this game.} h5 27. Rd1 {[%cal Gb7g2]
and again black doesn't have anything;}) 26... Nxc1 (26... Nxg3 27. Qxd3 Nxf1
28. Qxf1 $18) 27. Rxc1 Nxg3 28. hxg3 Rxg3 29. Rxg3 Qxg3+ 30. Kf1 Qxe3 31. Ne2
$1 $16) 26. Qa6 {My Fritzy doesn't understand why Kramnik didn't grab another
one....} (26. Qxb6 h4 27. Qb5 hxg3 28. hxg3 Nxc1 29. Nxf5 $1 $18) 26... Nxc1
27. Rxc1 h4 28. Qe2 {An extra pawn for Kramnik in endgame means a point in the
crosstable in the most cases;} Qxe2 29. Rxe2 hxg3 30. Nxf5 gxh2+ 31. Kh1 Rg1+
32. Rxg1 hxg1=Q+ 33. Kxg1 {White has an extra pawn, all black pawns are weak...
And Vlad is sitting in front of you... sounds bad.} Ra8 34. Ra2 Nc3 (34... Kg8
35. Ne7+ Kf7 36. Nd5 b5 37. Kg2 {[%cal Gg2f3]}) 35. Rh2+ Kg8 36. Rg2 Kf7 (36...
Rxa3 37. Rxg7+ Kf8 38. Rb7) 37. Nxd6+ Ke6 38. Nc4 b5 39. Na5 Kf6 40. Rd2 $1 {
following with Rd3. Vlad makes it looking easy.} g5 {Pawn exchanges are
favoing the weaker side, but here nothing can help Black;} 41. Rd3 Ne4 42.
fxg5+ Kxg5 43. Kg2 Rf8 44. Rd5+ Kg4 45. Rd4 Kf5 46. Nc6 Rg8+ 47. Kf1 Ra8 48.
Ne7+ Ke5 49. Nc6+ Kf5 50. Ne7+ Ke5 51. Ng6+ Kf5 52. Nh4+ Ke5 53. Nf3+ Kf5 54.
Nh4+ Ke5 55. Nf3+ Kf5 56. Rd5+ Kf6 (56... Kg4 57. Kg2 Rxa3 58. Ne5+ Kf5 59.
Nc4+ Ke6 60. Rxb5 $18) 57. Rd3 Rh8 58. Ke2 Ke7 59. Nd4 Rh2+ (59... Rh5 60. Kf3
Nf6 61. Rc3 {[%cal Gc3c5]}) 60. Kf3 Nd6 61. Rc3 Rh3+ 62. Kg4 {The pawn b5
falls as well.... One more very long and exhausting game for both players in
Sofia; From Sofia reports: "Both players looked very tired at the press
conference and agreed that one additional day of rest would have been a good
idea."} 1-0